00271nam a22000857a 4500082001700000245009500017260003200112300001000144650003100154 aB811x54 H534 aHigh- Level Committee on Union- State relations report, Part-1cby Government of Tamilnadu aNew DelhibBloomsburyc2026 a387p. aFederal government - India